Splash Pokemon - Statistics

General Stats
  • This quiz has been taken 1,010 times
    657 since last reset
  • The average score is 22 of 40
Answer Stats
Type 1 Type 2 Answer % Correct
Water Magikarp
98%
Water Flying Gyarados
84%
Grass Flying Hoppip
72%
Fairy Clefable
71%
Fairy Clefairy
71%
Grass Flying Jumpluff
70%
Water Poliwag
69%
Grass Flying Skiploom
69%
Water Fairy Marill
68%
Water Poliwhirl
68%
Water Fighting Poliwrath
68%
Water Fairy Azumarill
67%
Normal Fairy Azurill
67%
Water Horsea
64%
Water Dragon Kingdra
64%
Water Seadra
64%
Water Feebas
62%
Fairy Cleffa
60%
Ice Flying Delibird
59%
Water Milotic
58%
Water Flying Mantine
57%
Water Flying Mantyke
53%
Water Politoed
51%
Grass Sunflora
46%
Grass Sunkern
46%
Psychic Spoink
43%
Psychic Wynaut
43%
Psychic Grumpig
42%
Psychic Wobbuffet
42%
Normal Snorlax
41%
Water Wailmer
41%
Water Wailord
41%
Water Finneon
40%
Water Lumineon
39%
Normal Smeargle
39%
Water Luvdisc
36%
Normal Buneary
30%
Normal Lopunny
30%
Water Clauncher
20%
Water Clawitzer
20%
No matching quizzes found
Score Distribution
Percent of People with Each Score
Percentile by Number Answered
Your Score History
You have not taken this quiz since the last reset